000 01339cam a22001934a 4500
005 20250605164110.0
008 250528s ||||||||||||||||||||||||d
035 _a17858
020 _a9789608397293
040 _aGR-AtMCL
_bgre
_dGR-AtMCL
_eAACR2
245 1 _aΟ Δρόμος της Αυτοεξάρτησης / Φύλλα Πορείας Ι
260 _bOpera Animus,
_c2013
300 _a168
520 _aΤο παρόν βιβλίο καθοδηγεί τον αναγνώστη σε μια συζήτηση φιλική, θεραπευτική, καθόλου θεωρητική, με μεγάλη πρακτική αξία, όπου, χωρίς να προτείνει λύσεις, βοηθάει να βρεθούν. Εισαγωγή, Η Αλληγορία της Άμαξας, Κατάσταση (Διάφορα Είδη Εξάρτησης), Προέλευση (Ιστορία της Εξάρτησης μας), Σημασία (Σχετικά με την Αυτοεξάρτηση), Συνθήκη (Η Αγάπη για τον Εαυτό μας), Εφοδιασμός (Διάκριση και Πόροι), Απόφαση (Η Κατάκτηση της Αυτονομίας), Πέρασμα (Τέρμα του Δρόμου).
700 1 _aΜπουκάι Χόρχε
_94143
942 _cBK
999 _c3258
_d3258